Sweets and snacks / (Registro nro. 7210)

Detalles MARC
000 -LEADER
fixed length control field 00886nam a22002537a 4500
003 - CONTROL NUMBER IDENTIFIER
control field OSt
005 - DATE AND TIME OF LATEST TRANSACTION
control field 20210217115404.0
008 - FIXED-LENGTH DATA ELEMENTS--GENERAL INFORMATION
fixed length control field 210217s1974 enka|||br|||| 00| 0 eng d
020 ## - INTERNATIONAL STANDARD BOOK NUMBER
International Standard Book Number 0356049272
040 ## - CATALOGING SOURCE
Original cataloging agency CO-JMCR
Transcribing agency CO-JMCR
041 0# - LANGUAGE CODE
Language code of text/sound track or separate title eng
082 04 - DEWEY DECIMAL CLASSIFICATION NUMBER
Classification number 641.562 /
Item number F513s
Edition number 23
100 1# - MAIN ENTRY--PERSONAL NAME
Personal name Finley, Diana,
Relator term editora
9 (RLIN) 13551
245 10 - TITLE STATEMENT
Title Sweets and snacks /
Statement of responsibility, etc. Diana Finley, editora
250 ## - EDITION STATEMENT
Edition statement First published
260 ## - PUBLICATION, DISTRIBUTION, ETC.
Place of publication, distribution, etc. London :
Name of publisher, distributor, etc. Macdonald Educational,
Date of publication, distribution, etc. 1974
300 ## - PHYSICAL DESCRIPTION
Extent 26 páginas :
Other physical details ilustraciones a color ;
Dimensions 21 cm.
490 0# - SERIES STATEMENT
Series statement startes activites ;
Volume/sequential designation 18
505 0# - FORMATTED CONTENTS NOTE
Formatted contents note Coconut ice -- Peppermint creams -- Stuffed dates -- Chocolate truffles -- Marzi-men -- Party dips -- Stuffed tomatoes -- Rolled lettuce -- Baked potatoes
650 14 - SUBJECT ADDED ENTRY--TOPICAL TERM
Topical term or geographic name entry element Recetas
General subdivision niños
9 (RLIN) 13552
650 24 - SUBJECT ADDED ENTRY--TOPICAL TERM
Topical term or geographic name entry element Cocina para niños
9 (RLIN) 13553
650 24 - SUBJECT ADDED ENTRY--TOPICAL TERM
Topical term or geographic name entry element Cocina infantil
9 (RLIN) 13554
942 ## - ADDED ENTRY ELEMENTS (KOHA)
Source of classification or shelving scheme Dewey Decimal Classification
Koha item type Books
Existencias
Withdrawn status Lost status Source of classification or shelving scheme Damaged status Not for loan Collection code Home library Current library Date acquired Source of acquisition Full call number Barcode Date last seen Copy number Price effective from Koha item type Public note
    Dewey Decimal Classification     Non-fiction Biblioteca Pública José María del Castillo y Rada Biblioteca Pública José María del Castillo y Rada 10/02/2020 Donación 641.562 / F513s 201810356 05/16/2024 Ej.1 02/17/2021 Books Manchas de acidez.